• 首页
  • 本馆介绍
  • 公告通知
  • 最新文献
  • 馆藏检索
  • 电子资源
  • 读者导购
  • 参考咨询
  • 我的图书馆
  • 登录
  • 详细信息显示
  • 放入我的书架
  • 预约/预借图书
  • 作者相关作品
  • 分类相关作品
  • 丛书相关作品
  • 出版社相关作品

书目信息

  • 表格格式
  • 工作单格式
  • 卡片格式
题名:
国际货物运输与保险
    
 
作者: 王韶燏 主编
分册:  
出版信息: 北京   对外经济贸易大学出版社  2003
页数: 223页
开本: 26cm
丛书名:
单 册:
中图分类: F511.41
科图分类:
主题词: 交通运输经济--概况--世界
电子资源:
ISBN: 7-81078-235-5
000 00664nam0 2200217 450
001 0629993999
005 20070715113123.64
010    @a7-81078-235-5@dCNY27.00
100    @a20061013d2003 km y0chiy0120 ea
101 0  @achi
102    @aCN@b110000
102    @aCN@b110000
200 1  @a国际货物运输与保险@Aguo ji huo wu yun shu yu bao xian@f王韶燏主编@Fwang shao yu zhu bian
210    @a北京@c对外经济贸易大学出版社@d2003
215    @a223页@d26cm
300    @a21世纪高等职业院校国际贸易专业系列教材
606 0  @a交通运输经济@x概况@x世界
690    @aF511.41@v3
701  0 @a王韶燏@Awang shao yu@4主编
801  0 @aCN@bPFT@c20070715
905    @a10447@dF511.41@e3
    
    国际货物运输与保险/王韶燏主编.-北京:对外经济贸易大学出版社,2003
    223页;26cm
    21世纪高等职业院校国际贸易专业系列教材
    
    ISBN 7-81078-235-5:CNY27.00
    
●
相关链接 在E读中查询图书 在五车中查询图书 在当当中查询图书 在豆瓣中查询图书


正题名:国际货物运输与保险     索取号:F511.41/3         预约/预借

序号 登录号 条形码 馆藏地/架位号 状态 备注
1 0501902   205019022   密集书库/ [索取号:F511.41/3] 在馆    
2 0778118   207781186   密集书库/ [索取号:F511.41/3] 在馆    
唐山师范学院图书馆 欢迎您!
大连网信软件有限公司© 版权所有